000
00519nam a2200145Ia 4500
008
151213s9999 xx 000 0 und d
100
_a
সৈয়দ শাহ আলম।
245
_a
বিশ্ব শান্তি।
_c
সৈয়দ শাহ আলম।
260
_a
ঢাকা
_b
বিশ্ব শান্তি সংঘ।
_c
1996
300
_a
8811 p.
650
_a
Bangla
650
_a
আলোচনা গ্রন্থ।
700
_a
সৈয়দ শাহ আলম।
999
_c
4596
_d
4596